| 000 | 00497nam a2200181Ia 4500 | ||
|---|---|---|---|
| 005 | 20250508150616.0 | ||
| 008 | 008 250505s9999 xx 000 0 eng d | ||
| 037 | _aTextual | ||
| 040 |
_aFEDL _beng _cFEDL |
||
| 041 |
_aeng _2eng |
||
| 084 |
_a377.1, HAY _qFEDL |
||
| 100 |
_aHayes Ernest H _9757183 |
||
| 245 | 0 | _aSenior concise guide, 1949 | |
| 260 |
_aWallington _bThe Religious Education Press |
||
| 300 | _a304p | ||
| 942 |
_cTEXL _h377.1, HAY |
||
| 999 |
_c1324554 _d1324554 |
||